SMRT AUTORA JAKO NEKONCEPTUÁLNÍ METAFORA (K jednosměrnosti literární komunikace)

Bibliographic Details
Main Author: Češka, Jakub (Author)
Format: Article
Language:Czech

MARC

LEADER 00000nab a2200000uu 4500
001 vtls011459698
003 SK-MaSNL
005 20260303113339.0
008 230121|2014 xo |||||||||||||||||cze|
015 |a SNBRB 
035 |a (urnnbn)urn:nbn:sk:snk:ar-a0aavq 
035 |a (uuid)c176f66b-fe84-4bbc-a409-ba7e06b7c8bf 
035 |a urn:nbn:sk:snk-abctrt 
040 |a SNKBUCL  |b slo  |c SNKBUCL  |e AACR2 
041 0 |a cze 
044 |a xo  |c SK 
100 1 |a Češka, Jakub  |4 aut  |9 1126947 
245 1 0 |a SMRT AUTORA JAKO NEKONCEPTUÁLNÍ METAFORA  |b (K jednosměrnosti literární komunikace)  |c Jakub Češka 
773 0 |t Filozofia : (Bratisl.)  |g Roč. 69, č. 1 (2014), s. 89-100 
954 |a odborná, vedecká literatúra cudzojazyčná (svetová)  |2 lita 
958 |a OND 
958 |a EUIPO 
958 |a article16 
999 |c 1892001  |d 1893931